000 00856nam a2200265 i 4500
003 DO-SdBNP
005 20230726094154.0
007 ta
008 230412b2014 dr ||||| |||| 00| 0 spa d
020 _a9789945080872
040 _aDO-SdBNP
_bspa
_cBNPHU
_erda
082 4 _222
100 _973346
_aEscarramán Hernández, Víctor,
_eautor
245 1 3 _aLa venganza del obispo /
_cVíctor Escarramán Hernández ; prólogo, Tony Raful
264 1 _aSanto Domingo :
_bSoto Castillo,
_c2014.
300 _a380 páginas;
_c21 cm.
336 _2rdacontent
_atexto
_btxt
337 _2rdamedia
_asin mediación
_bn
338 _2rdacarrier
_avolumen
_bnc
500 _aIncluye datos biográficos del autor en la solapa de la cubierta
590 _aInventariado, 2023/BT
700 1 _aRaful, Tony,
_eprólogo
_982882
910 _aBtavárez
942 _2ddc
_cLBS1
999 _c53219
_d53219